The Walking Dead character surnames - Statistics

General Stats
  • This quiz has been taken 522 times
  • The average score is 9 of 14
Answer Stats
Hint Answer % Correct
Rick Grimes
100%
Daryl Dixon
96%
Maggie Greene
91%
Glenn Rhee
91%
Shane Walsh
84%
Eugene Porter
77%
Morgan Jones
69%
Abraham Ford
68%
Carol Peletier
68%
Rosita Espinosa
67%
Sasha Williams
56%
Tara Chamber
30%
Andrea Harrison
29%
Dale Hovarth
11%
No matching quizzes found
Score Distribution
Percent of People with Each Score
Percentile by Number Answered
Your Score History
You have not taken this quiz